[Event "World Rapid 2018"]
[Site "St Petersburg RUS"]
[Date "2018.12.26"]
[Round "5.53"]
[White "Kryakvin, Dmitry"]
[Black "Kovalev, Vladislav"]
[Result "1/2-1/2"]
[WhiteTitle "GM"]
[BlackTitle "GM"]
[WhiteElo "2588"]
[BlackElo "2683"]
[WhiteFideId "4153278"]
[BlackFideId "13504398"]
[EventDate "2018.12.26"]

1. d4 Nf6 2. c4 g6 3. Nc3 Bg7 4. e4 d6 5. Be2 O-O 6. Bg5 c5 7. d5 h6 8. Be3 e6
9. dxe6 Bxe6 10. Qd2 Kh7 11. h3 Nc6 12. Nf3 Qe7 13. O-O Rad8 14. Rfe1 Ne5 15.
Nxe5 dxe5 16. Qc2 Ne8 17. Rad1 Rxd1 18. Rxd1 b6 19. Qd2 f5 20. f3 Qf7 21. Nd5
Bxd5 22. Qxd5 Qxd5 23. Rxd5 Nf6 24. Rd6 fxe4 25. fxe4 Nxe4 26. Rd7 Ng3 27. Bf3
e4 28. Bf2 exf3 29. Bxg3 Kg8 30. gxf3 Rxf3 31. Kg2 Rf7 32. Rxf7 Kxf7 33. Bb8 a6
34. b3 b5 35. cxb5 axb5 36. Ba7 Bf8 37. Kf3 b4 38. Bb8 Ke6 39. Bf4 g5 40. Bc1
Kf5 41. a4 bxa3 42. Bxa3 h5 43. Bc1 Bg7 44. Bd2 g4+ 45. hxg4+ hxg4+ 46. Ke2 Ke4
47. Be1 Kf4 48. b4 c4 49. Bf2 g3 50. Bc5 Ke4 51. b5 Be5 52. b6 Kd5 53. Be3 Kc6
54. Kf3 Kb7 55. Ke4 c3 56. Kd3 Kc6 57. Bg1 g2 58. Bf2 Kb5 59. b7 Kb4 60. Bd4 Bb8
61. Bxc3+ 1/2-1/2

[Event "World Rapid 2018"]
[Site "St Petersburg RUS"]
[Date "2018.12.26"]
[Round "5.54"]
[White "Piorun, Kacper"]
[Black "Sanikidze, Tornike"]
[Result "1-0"]
[WhiteTitle "GM"]
[BlackTitle "GM"]
[WhiteElo "2634"]
[BlackElo "2507"]
[WhiteFideId "1130420"]
[BlackFideId "13602608"]
[EventDate "2018.12.26"]

1. c4 e6 2. Nf3 Nf6 3. g3 d5 4. d4 dxc4 5. Bg2 Nc6 6. Qa4 Bb4+ 7. Bd2 Nd5 8. Qb5
Bxd2+ 9. Nbxd2 c3 10. bxc3 Nxc3 11. Qb3 Nd5 12. O-O O-O 13. Rfc1 Nce7 14. Qc2 c6
15. Ne5 f6 16. Nd3 b6 17. Nf3 Ba6 18. e4 Bxd3 19. Qxd3 Nc7 20. Qb3 Kh8 21. Rd1
Qe8 22. Rac1 Rc8 23. Ne1 f5 24. Nd3 fxe4 25. Bxe4 Ncd5 26. Ne5 Qh5 27. Qb2 c5
28. Re1 cxd4 29. Rxc8 Rxc8 30. Qxd4 Kg8 31. Bf3 Qh6 32. Bg4 Qf6 33. Qa4 a5 34.
Nd7 Qc3 35. Bxe6+ Kh8 36. Qd1 Nf6 37. Nxf6 1-0

[Event "World Rapid 2018"]
[Site "St Petersburg RUS"]
[Date "2018.12.26"]
[Round "5.55"]
[White "Rakhmanov, Aleksandr"]
[Black "Kobo, Ori"]
[Result "1-0"]
[WhiteTitle "GM"]
[BlackTitle "GM"]
[WhiteElo "2629"]
[BlackElo "2494"]
[WhiteFideId "4173708"]
[BlackFideId "2812320"]
[EventDate "2018.12.26"]

1. c4 e5 2. Nf3 e4 3. Nd4 Nc6 4. Nxc6 dxc6 5. Nc3 Nf6 6. e3 Be7 7. h3 h5 8. Qc2
Bf5 9. Qb3 b6 10. Qc2 Qd7 11. b3 h4 12. Bb2 O-O-O 13. a3 Kb8 14. b4 c5 15. bxc5
Bxc5 16. Na4 Qc6 17. Nxc5 Qxc5 18. a4 Nd5 19. Ba3 Nb4 20. Qc3 a5 21. Rb1 Rh6 22.
Bxb4 axb4 23. Qxb4 Qxb4 24. Rxb4 Rhd6 25. Rb2 Kb7 26. g4 hxg3 27. fxg3 Ra8 28.
g4 Bd7 29. c5 Rd5 30. d4 exd3 31. Bg2 Bc6 32. Bxd5 Bxd5 33. Rf1 Rxa4 34. Kd2 Bc4
35. cxb6 cxb6 36. h4 Kc6 37. h5 Be6 38. g5 Rg4 39. Rc1+ Kb7 40. Rcb1 Rxg5 41.
Rxb6+ Kc7 42. R6b5 Rg4 43. R1b4 Rg2+ 44. Kxd3 Kd6 45. Ra5 Ke7 46. Rf4 Rh2 47.
Ra7+ Kd6 48. Rfa4 Bf5+ 49. e4 Be6 50. R4a5 Rh1 51. Rg5 Rh2 52. Raa5 Ke7 53. Rxg7
Kf6 54. Rg3 Rh1 55. Rag5 Rd1+ 56. Ke2 Rh1 57. Kf2 Rh4 58. Ke3 Rh1 59. Ra5 Rh4
60. Kf3 Rh1 61. Rag5 Rh4 62. Ke3 Rh1 63. Rc5 Rh4 64. Kd4 Rh1 65. Rf3+ Kg7 66.
Rg5+ Kh6 67. Rg8 Kh7 68. Rg5 Kh6 69. Rfg3 Rh4 70. Ke5 Rh1 71. Rg8 Rxh5+ 72. Kf6 1-0

[Event "World Rapid 2018"]
[Site "St Petersburg RUS"]
[Date "2018.12.26"]
[Round "5.56"]
[White "Petrov, Nikita"]
[Black "Shaposhnikov, Evgeny"]
[Result "1/2-1/2"]
[WhiteTitle "GM"]
[BlackTitle "GM"]
[WhiteElo "2593"]
[BlackElo "2576"]
[WhiteFideId "4101286"]
[BlackFideId "4122232"]
[EventDate "2018.12.26"]

1. e4 e6 2. d4 d5 3. Nd2 Nc6 4. Ngf3 Nf6 5. e5 Nd7 6. Bd3 f6 7. Ng5 Ndxe5 8.
dxe5 fxg5 9. Qh5+ g6 10. Bxg6+ Kd7 11. c4 Nxe5 12. Bc2 c6 13. f4 Nxc4 14. Nxc4
dxc4 15. Bd2 Kc7 16. O-O-O Qe7 17. fxg5 e5 18. g6 Bg7 19. gxh7 Be6 20. Bg5 Qf7
21. Qxf7+ Bxf7 22. Rhf1 Be6 23. Rf6 Bd5 24. Rxd5 Bxf6 25. Bxf6 cxd5 26. Bxe5+
Kc6 27. g4 Rhe8 28. Bd4 Re1+ 29. Bd1 Rh1 30. h8=Q Rxh8 31. Bxh8 Rxh2 32. Bd4 a5
33. a4 Rg2 34. Bf3 Rg3 35. Be2 b5 36. axb5+ Kxb5 37. Kd2 a4 38. Be5 a3 39. bxa3
Rxa3 40. g5 Ra6 41. Bh5 Ra2+ 42. Ke3 Rg2 43. g6 Kb4 44. g7 c3 45. Bd1 Kc4 46.
Bc2 Rg5 47. Kf4 Rg2 48. Ke3 Rg5 49. Bf6 Rg2 50. Bh7 Rg3+ 51. Kf4 Rxg7 52. Bxg7
d4 53. Ke4 c2 54. Bh6 Kc3 55. Bc1 d3 56. Ke3 d2 57. Bxd2+ Kb2 58. Ke4 1/2-1/2

[Event "World Rapid 2018"]
[Site "St Petersburg RUS"]
[Date "2018.12.26"]
[Round "5.57"]
[White "Lintchevski, Daniil"]
[Black "Maghsoodloo, Parham"]
[Result "0-1"]
[WhiteTitle "GM"]
[BlackTitle "GM"]
[WhiteElo "2516"]
[BlackElo "2688"]
[WhiteFideId "4171055"]
[BlackFideId "12539929"]
[EventDate "2018.12.26"]

1. e4 Nc6 2. Nc3 e5 3. Nf3 Nf6 4. d4 exd4 5. Nxd4 Bb4 6. Nxc6 bxc6 7. Bd3 d5 8.
exd5 O-O 9. O-O cxd5 10. Bg5 c6 11. Qf3 Re8 12. Rfe1 Rxe1+ 13. Rxe1 Be6 14. a3
Be7 15. Ne2 h6 16. Bh4 g5 17. Bg3 c5 18. Nc3 Bg4 19. Qe3 Bd6 20. Bxd6 Qxd6 21.
Qd2 Kg7 22. b4 Rc8 23. Nb5 Qb6 24. bxc5 Qxc5 25. Qb4 Bd7 26. Nd4 Qc3 27. f3 a5
28. Qxc3 Rxc3 29. Ra1 Ne8 30. Kf2 Kf6 31. Ke3 Ke5 32. Ne2 Rc7 33. Rb1 f5 34. Kd2
Nd6 35. c3 f4 36. Nd4 Rb7 37. Rxb7 Nxb7 38. Bc2 h5 39. h3 Nc5 40. Bg6 h4 41. Bc2
Kd6 42. Bd1 Ke5 43. Bc2 Nb7 44. Bd3 Kd6 45. Nb3 Ba4 46. Nd4 Nc5 47. Bb1 Nd7 48.
Bd3 Ne5 49. Be2 Bd7 50. Nb3 a4 51. Nd4 Kc5 52. Kc1 Kb6 53. Kd2 Bc8 54. Kc1 Ba6
55. Bxa6 Kxa6 56. Ne6 Nc4 57. Nxg5 Nxa3 58. Ne6 Kb5 59. Kb2 Nc4+ 60. Ka2 Ne3 61.
Nxf4 Kc4 62. Ka3 Kxc3 63. Kxa4 d4 64. Ne2+ Kc4 65. Nc1 d3 66. Nb3 Kc3 67. f4 d2
68. Nxd2 Kxd2 69. Kb4 Kd3 0-1

[Event "World Rapid 2018"]
[Site "St Petersburg RUS"]
[Date "2018.12.26"]
[Round "5.58"]
[White "Tissir, Mohamed"]
[Black "Smirin, Ilia"]
[Result "1/2-1/2"]
[WhiteTitle "IM"]
[BlackTitle "GM"]
[WhiteElo "2387"]
[BlackElo "2609"]
[WhiteFideId "9000240"]
[BlackFideId "2801990"]
[EventDate "2018.12.26"]

1. e4 c5 2. Nc3 e6 3. Nf3 a6 4. d4 cxd4 5. Nxd4 Qc7 6. f4 Bb4 7. Qf3 Nc6 8. Nb3
Be7 9. Bd3 b5 10. O-O Bb7 11. Bd2 Nf6 12. Rae1 d6 13. Kh1 h5 14. Be3 h4 15. h3
Nh5 16. Bf2 g5 17. Nd5 exd5 18. exd5 Nb4 19. fxg5 Nxd5 20. Be4 Nhf4 21. Be3 Nxe3
22. Bxb7 Nxf1 23. Rxf1 Ra7 24. Bc6+ Kf8 25. Qxf4 Bxg5 26. Qxg5 Qxc6 27. Nd4 Qe4
28. Nf5 Rh7 29. Qd8+ Qe8 30. Qxd6+ Kg8 31. Rf4 Rg7 32. Qd4 Qe1+ 33. Kh2 f6 34.
Qd8+ Kh7 35. Rxh4+ Kg6 36. Qd3 Qe5+ 37. Kh1 Rad7 38. Rg4+ Kh7 39. Rxg7+ Rxg7 40.
Nxg7+ Kxg7 41. c3 Qf4 42. Qe2 Kf7 43. a3 a5 44. Kg1 Qc1+ 45. Kh2 Qf4+ 46. g3 Qc1
47. h4 a4 48. Kh3 Qh1+ 49. Kg4 Qd5 50. Kf4 Qd6+ 51. Kf3 Qd5+ 52. Kf2 Qf5+ 53.
Kg2 Qd5+ 54. Kh2 Qc5 55. Qg2 Qe5 56. Qb7+ Kg6 57. Qf3 Kf7 58. Kg2 Qc5 59. Qe4 f5
60. Qf3 Kg6 61. g4 fxg4 62. Qxg4+ Kh6 63. Qg5+ Qxg5+ 64. hxg5+ Kxg5 65. Kf3 Kf5
66. Ke3 Ke5 67. Kd3 Kd5 68. Kd2 Kc4 69. Kc2 Kc5 70. b3 axb3+ 71. Kxb3 Kc6 72.
Kb4 Kb6 73. a4 bxa4 74. Kxa4 Kc5 75. Kb3 Kb5 1/2-1/2

[Event "World Rapid 2018"]
[Site "St Petersburg RUS"]
[Date "2018.12.26"]
[Round "5.59"]
[White "Demidov, Mikhail"]
[Black "Van Foreest, Jorden"]
[Result "1/2-1/2"]
[WhiteTitle "IM"]
[BlackTitle "GM"]
[WhiteElo "2520"]
[BlackElo "2614"]
[WhiteFideId "4197143"]
[BlackFideId "1039784"]
[EventDate "2018.12.26"]

1. Nf3 d5 2. d4 Nf6 3. Bf4 e6 4. e3 Bd6 5. Bg3 O-O 6. Bd3 b6 7. Nbd2 Bb7 8. Bh4
Nbd7 9. O-O c5 10. c3 Qb8 11. Qb1 a5 12. Re1 h6 13. a4 Bc6 14. Bg3 Bxg3 15. hxg3
e5 16. e4 Re8 17. exd5 Bxd5 18. Bb5 exd4 19. cxd4 Rxe1+ 20. Qxe1 Qb7 21. dxc5
Nxc5 22. Qe3 Rd8 23. Nc4 Qc7 24. Qe5 Qb8 25. Qxb8 Rxb8 26. Nfe5 Rb7 27. f3 Re7
28. Rd1 Re6 29. f4 h5 30. Ne3 Bb3 31. Rd8+ Kh7 32. Rd4 g6 33. Nf1 Kg7 34. Nd2
Bc2 35. Ndf3 Re7 36. Ng5 Bb3 37. Ngf3 Re6 38. Nd2 Bc2 39. Bc4 Re7 40. b3 Ng4 41.
Nxg4 hxg4 42. Kf2 Rc7 43. Rd6 Rd7 44. Rxd7 Nxd7 45. Ke3 Kf6 46. Ne4+ Ke7 47. Kd4
f6 48. Nc3 Kd6 49. Nd5 Bf5 50. Ne3 Nc5 51. Nxf5+ gxf5 52. Bd5 Nd3 53. Bb7 Nc1
54. Bc8 Ne2+ 55. Ke3 Nxg3 56. Kf2 Ne4+ 57. Ke3 Ng3 58. Kf2 Nh5 59. Bxf5 Nxf4 60.
g3 Ne6 61. Bxg4 Nc5 62. Bd1 Ke5 63. Ke3 Ne4 64. g4 Nc5 65. Bc2 Ne6 66. Bd3 Nd4
67. Bc4 Nc2+ 68. Kd3 Nb4+ 69. Ke3 Nc6 70. Bb5 Nd8 71. Bc4 Nb7 72. Ba6 Nd6 73.
Bd3 Kd5 74. Bh7 Ke5 75. Bd3 Nf7 76. Ba6 Ng5 77. Bb7 Ne6 78. Ba6 Nd4 79. Bc4 Nc2+
80. Kd3 Ne1+ 81. Ke3 Ng2+ 82. Kf3 Nf4 83. Ke3 Nh3 84. Bf1 Ng5 85. Bc4 Ne4 86.
Be2 Nd6 87. Bd3 Nf7 1/2-1/2

[Event "World Rapid 2018"]
[Site "St Petersburg RUS"]
[Date "2018.12.26"]
[Round "5.60"]
[White "Bindrich, Falko"]
[Black "Sharma, Dinesh K."]
[Result "1-0"]
[WhiteTitle "GM"]
[BlackTitle "IM"]
[WhiteElo "2606"]
[BlackElo "2295"]
[WhiteFideId "4676670"]
[BlackFideId "5004110"]
[EventDate "2018.12.26"]

1. d4 d5 2. c4 c6 3. e3 Nf6 4. Nf3 Bf5 5. Nc3 e6 6. Nh4 Be4 7. f3 Bg6 8. Qb3 Qb6
9. Nxg6 hxg6 10. g3 Nbd7 11. Kf2 Be7 12. Bd2 g5 13. Be2 Qxb3 14. axb3 a6 15. Kg2
O-O-O 16. Rac1 Kb8 17. e4 dxe4 18. fxe4 Nc5 19. e5 Ng8 20. Be3 Nxb3 21. Rcd1 f5
22. c5 Nh6 23. Bc4 f4 24. Bxb3 fxe3 25. Bxe6 Rhf8 26. Ne4 Nf5 27. Bxf5 Rxf5 28.
Rhe1 g4 29. h3 gxh3+ 30. Kxh3 Rh5+ 31. Kg4 Rh2 32. b3 e2 33. Rd2 Kc7 34. Nd6 b6
35. Rdxe2 Rxe2 36. Rxe2 bxc5 37. dxc5 g6 38. Ra2 Rb8 39. Rxa6 Rb4+ 40. Kh3 Kd7
41. Rb6 Rd4 42. b4 Bd8 43. Rb8 Be7 44. Rg8 Ke6 45. Rxg6+ Kxe5 46. Rg4 Rd1 47.
Re4+ Kf6 48. Nc4 Bd8 49. Ne5 Kf5 50. Re2 Bc7 51. Nxc6 Rd3 52. Rg2 Kg5 53. b5 Rc3
54. b6 Rxc5 55. Nd4 Kg6 56. bxc7 Rxc7 57. Rf2 Rd7 58. Rf4 Rd5 59. Nf3 Rh5+ 60.
Kg2 Ra5 61. g4 Rb5 62. Kg3 Ra5 63. Nh4+ Kg7 64. Rf5 Ra4 65. Nf3 Kg6 66. Ne5+ Kg7
67. Kh4 Ra5 68. Kg5 Rb5 69. Rf7+ Kg8 70. Re7 Kf8 71. Kf6 Rb6+ 72. Re6 Rb7 73.
Ng6+ Kg8 74. Re8+ Kh7 75. Rh8# 1-0

[Event "World Rapid 2018"]
[Site "St Petersburg RUS"]
[Date "2018.12.26"]
[Round "5.61"]
[White "Moiseenko, Vadim"]
[Black "Pershin, Denis"]
[Result "0-1"]
[WhiteTitle "GM"]
[WhiteElo "2501"]
[BlackElo "2400"]
[WhiteFideId "4123700"]
[BlackFideId "24165506"]
[EventDate "2018.12.26"]

1. e4 c6 2. Nc3 d5 3. Nf3 Bg4 4. Be2 Nf6 5. h3 Bxf3 6. Bxf3 e6 7. O-O Be7 8. d4
dxe4 9. Nxe4 Nxe4 10. Bxe4 Nd7 11. c4 Nf6 12. Bc2 O-O 13. b3 Qa5 14. a3 Rfd8 15.
Bb2 Rd7 16. Re1 Rad8 17. Qf3 Ne8 18. Re5 Qc7 19. Rh5 h6 20. Re1 Bf6 21. Qe4 Bxd4
22. Bxd4 Rxd4 23. Qh7+ Kf8 24. Rhe5 Rd2 25. Bf5 Rd1 26. Re3 Rxe1+ 27. Rxe1 Qa5 0-1

[Event "World Rapid 2018"]
[Site "St Petersburg RUS"]
[Date "2018.12.26"]
[Round "5.62"]
[White "Al-Sayed, Mohammed"]
[Black "Yuffa, Daniil"]
[Result "1-0"]
[WhiteTitle "GM"]
[BlackTitle "GM"]
[WhiteElo "2484"]
[BlackElo "2572"]
[WhiteFideId "12100196"]
[BlackFideId "24131423"]
[EventDate "2018.12.26"]

1. e4 c5 2. Nf3 d6 3. Bb5+ Nd7 4. Ba4 Nf6 5. Qe2 g6 6. O-O Bg7 7. c3 O-O 8. d4
Nb6 9. Bb3 cxd4 10. cxd4 a5 11. a4 Bg4 12. Nc3 Nfd7 13. Be3 e5 14. Rfd1 exd4 15.
Bxd4 Bxd4 16. Rxd4 Ne5 17. Qe3 Bxf3 18. gxf3 Qf6 19. Kh1 Nxf3 20. Rdd1 Rae8 21.
Qxb6 Qf4 22. Kg2 Qg4+ 23. Kf1 Re5 24. h3 Qxh3+ 25. Ke2 Rc8 26. Qe3 Ng5 27. Qxh3
Nxh3 28. Rxd6 Nf4+ 29. Kf3 Nh3 30. Rd7 Rf8 31. Rxb7 Kh8 32. Kg3 Ng5 33. Bd5 Ree8
34. f4 Ne6 35. Bxe6 Rxe6 36. Rd1 h5 37. Rd5 1-0

[Event "World Rapid 2018"]
[Site "St Petersburg RUS"]
[Date "2018.12.26"]
[Round "5.63"]
[White "Predke, Alexandr"]
[Black "Vorotnikov, Vladislav V"]
[Result "1-0"]
[WhiteTitle "GM"]
[BlackTitle "GM"]
[WhiteElo "2622"]
[BlackElo "2417"]
[WhiteFideId "24107581"]
[BlackFideId "4103009"]
[EventDate "2018.12.26"]

1. e4 e5 2. Nc3 d6 3. g3 Nc6 4. Bg2 g6 5. d3 Bg7 6. Be3 Nf6 7. h3 Be6 8. Nd5
Bxd5 9. exd5 Ne7 10. c4 Nf5 11. Bg5 h6 12. Bd2 O-O 13. Ne2 Re8 14. Qc2 Nd4 15.
Nxd4 exd4+ 16. Kf1 Nd7 17. f4 Qf6 18. Kf2 a5 19. Rae1 b6 20. Qa4 Rxe1 21. Rxe1
Nc5 22. Qc2 Qf5 23. Bf1 Bf6 24. Kg2 h5 25. b3 g5 26. fxg5 Bxg5 27. Bxg5 Qxg5 28.
h4 Qg6 29. Qe2 Kh7 30. Qf3 Kg7 31. Re7 Kf8 32. Rxc7 Re8 33. Qf4 Re3 34. Rc6 Nxd3
35. Bxd3 Rxd3 36. Rxd6 Rd2+ 37. Qxd2 Qxd6 38. Qxd4 Qa3 39. d6 Qxa2+ 40. Kh3 1-0

[Event "World Rapid 2018"]
[Site "St Petersburg RUS"]
[Date "2018.12.26"]
[Round "5.64"]
[White "Anikonov, Dmitry"]
[Black "Levin, Evgeny A."]
[Result "1/2-1/2"]
[WhiteTitle "FM"]
[BlackTitle "GM"]
[WhiteElo "2371"]
[BlackElo "2516"]
[WhiteFideId "24178012"]
[BlackFideId "4182596"]
[EventDate "2018.12.26"]

1. d4 Nf6 2. c4 e6 3. g3 c5 4. d5 exd5 5. cxd5 d6 6. Nc3 g6 7. Nf3 Bg7 8. Bg2
O-O 9. O-O Re8 10. Bf4 a6 11. a4 Bf5 12. Nd2 Nh5 13. e4 Nxf4 14. gxf4 Bc8 15.
Nc4 Qf6 16. Qf3 Nd7 17. Rfe1 Rb8 18. a5 b5 19. axb6 Nxb6 20. Na5 Nd7 21. Re2
Rxb2 22. Rxb2 Qxc3 23. Qxc3 Bxc3 24. Raa2 Bxb2 25. Rxb2 Nf6 26. Nc4 Nxe4 27. Rb8
Kg7 28. Bxe4 Rxe4 29. Nxd6 Re1+ 30. Kg2 Bf5 31. Nxf5+ 1/2-1/2

[Event "World Rapid 2018"]
[Site "St Petersburg RUS"]
[Date "2018.12.26"]
[Round "5.65"]
[White "Steinberg, Nitzan"]
[Black "Teske, Henrik"]
[Result "0-1"]
[WhiteTitle "GM"]
[BlackTitle "GM"]
[WhiteElo "2532"]
[BlackElo "2483"]
[WhiteFideId "2801795"]
[BlackFideId "4611500"]
[EventDate "2018.12.26"]

1. e4 e6 2. d4 d5 3. e5 c5 4. c3 Nc6 5. Nf3 Bd7 6. Be2 Rc8 7. O-O Nge7 8. Na3
Nf5 9. Nc2 cxd4 10. cxd4 Qb6 11. Rb1 Be7 12. Bd3 Nb4 13. Nxb4 Qxb4 14. Kh1 Bb5
15. g4 Bxd3 16. Qxd3 Nh4 17. Nxh4 Bxh4 18. f4 Qc4 19. Qf3 Be7 20. Be3 Qxa2 21.
f5 Qb3 22. Rbe1 Kd7 23. g5 g6 24. fxe6+ fxe6 25. Qh3 Rcf8 26. Rf6 Bxf6 27. exf6
Qd3 28. Kg1 Rf7 29. Rc1 Qe4 30. Bf2 Rc8 31. Rxc8 Kxc8 32. Qa3 Qg4+ 33. Bg3 Qxd4+
34. Kg2 Qe4+ 35. Kh3 Qf5+ 36. Kg2 Qc2+ 37. Kh3 e5 38. Qd6 Qf5+ 39. Kg2 Qxg5 40.
Qe6+ Rd7 41. f7 Qd2+ 42. Bf2 Qg5+ 43. Bg3 Qd2+ 44. Bf2 Qf4 45. Qe8+ Rd8 46. Bg3
Qe4+ 47. Kg1 Qb1+ 48. Kg2 Qe4+ 49. Kg1 Qb1+ 50. Kg2 Qc2+ 51. Kg1 Qc5+ 52. Kg2 d4
53. Bh4 Qc2+ 54. Kg1 Qb1+ 55. Kf2 Qf5+ 56. Ke1 Qe4+ 57. Kd2 Qxh4 58. f8=Q Rxe8
59. Qxe8+ Qd8 60. Qxe5 a6 61. b4 Qd7 62. Qc5+ Kb8 63. Qf8+ Ka7 64. Qc5+ b6 65.
Qe5 d3 66. h4 Kb7 67. Qe4+ Kc7 68. Qc4+ Kb7 69. Qe4+ Ka7 70. Qe5 Kb7 71. Qe4+
Ka7 72. Qe5 Qc8 73. Qe7+ Qb7 74. Qd8 Qf7 75. Kxd3 Kb7 76. Qh8 Kc6 77. Kc3 Qf3+
78. Kb2 Qe2+ 79. Kc3 Qe1+ 80. Kd3 Qd1+ 81. Ke3 Qd7 82. Qe5 Qh3+ 83. Kd2 Qg2+ 84.
Kc3 Qf3+ 85. Kb2 Qd5 86. Qe8+ Qd7 87. Qe5 Qd2+ 88. Ka3 a5 89. b5+ Kd7 90. Qg7+
Ke6 91. Qxh7 Qb4+ 92. Ka2 Qa4+ 93. Kb2 Qxb5+ 94. Kc3 Qc5+ 95. Kb2 Qd4+ 96. Ka2
Qd2+ 97. Kb3 Qd3+ 98. Kb2 a4 99. Qg8+ Kf5 100. Qf7+ Kg4 101. Qf6 b5 102. Qg5+
Kh3 103. h5 Qe2+ 104. Kc3 gxh5 105. Qf5+ Kg2 106. Qg5+ Qg4 107. Qxb5 Qf3+ 108.
Kd4 Qf4+ 109. Kc3 Qe3+ 0-1

[Event "World Rapid 2018"]
[Site "St Petersburg RUS"]
[Date "2018.12.26"]
[Round "5.66"]
[White "Yakubboev, Nodirbek"]
[Black "Huzman, Alexander"]
[Result "1/2-1/2"]
[WhiteTitle "IM"]
[BlackTitle "GM"]
[WhiteElo "2556"]
[BlackElo "2580"]
[WhiteFideId "14203987"]
[BlackFideId "2803828"]
[EventDate "2018.12.26"]

1. d4 Nf6 2. Bg5 d5 3. e3 c5 4. Bxf6 gxf6 5. dxc5 e6 6. c4 dxc4 7. Qa4+ Nd7 8.
Bxc4 Bxc5 9. Nf3 O-O 10. O-O Nb6 11. Qc2 Nxc4 12. Qxc4 b6 13. Nc3 Bb7 14. Qh4
Qe7 15. Ne4 Bxe4 16. Qxe4 f5 17. Qf4 Qf6 18. e4 Rfd8 19. exf5 Qxf5 20. Qxf5 exf5
21. Rfd1 Kg7 22. Kf1 Kf6 23. Rac1 a5 24. Ne1 Rac8 25. Nd3 Bd4 26. b3 b5 27. Nc5
Bxc5 28. Rxd8 Rxd8 29. Rxc5 Rd2 30. Rxb5 Rxa2 31. g3 a4 32. bxa4 Rxa4 1/2-1/2

[Event "World Rapid 2018"]
[Site "St Petersburg RUS"]
[Date "2018.12.26"]
[Round "5.67"]
[White "Fedoseev, Vladimir3"]
[Black "Vastrukhin, Oleg"]
[Result "1-0"]
[WhiteTitle "GM"]
[WhiteElo "2719"]
[BlackElo "2413"]
[WhiteFideId "24130737"]
[BlackFideId "4192770"]
[EventDate "2018.12.26"]

1. d4 g6 2. Nf3 Bg7 3. e4 c6 4. Nc3 d5 5. e5 Bg4 6. h3 Bxf3 7. Qxf3 e6 8. Be2
Ne7 9. Bg5 h6 10. Bf6 Bxf6 11. Qxf6 Rh7 12. Bd3 Nd7 13. Qf4 Nf5 14. g4 Nh4 15.
O-O-O Qg5 16. Ne2 Ke7 17. Qd2 Nf3 18. Qe3 c5 19. c3 cxd4 20. cxd4 Rc8+ 21. Kb1
Qxe3 22. fxe3 Rhh8 23. Rhf1 Nh4 24. e4 Nb6 25. Rf2 Rcd8 26. Nc3 Rhf8 27. Nb5 Nc8
28. exd5 Rxd5 29. Bc4 Rd7 30. Bb3 g5 31. Rf6 Ng6 32. Bxe6 fxe6 33. Rxg6 a6 34.
Nc3 Nb6 35. Ne4 Nc4 36. Nc5 Ne3 37. Rxe6+ Kd8 38. Nxd7 Kxd7 39. Rd6+ Ke7 40. Rc1 1-0

[Event "World Rapid 2018"]
[Site "St Petersburg RUS"]
[Date "2018.12.26"]
[Round "5.68"]
[White "Kovalenko, Igor"]
[Black "Gutenev, Alexander"]
[Result "0-1"]
[WhiteTitle "GM"]
[BlackTitle "IM"]
[WhiteElo "2657"]
[BlackElo "2456"]
[WhiteFideId "14117908"]
[BlackFideId "4195540"]
[EventDate "2018.12.26"]

1. e4 c5 2. Nf3 Nc6 3. Bb5 g6 4. O-O Bg7 5. Nc3 e5 6. a3 Nge7 7. b4 d6 8. d3 O-O
9. Bc4 h6 10. bxc5 dxc5 11. Be3 Nd4 12. Nd2 Kh7 13. Nd5 Be6 14. Nxe7 Qxe7 15. a4
b6 16. c3 Rfd8 17. cxd4 cxd4 18. Bxe6 Qxe6 19. Bxh6 Bxh6 20. Nc4 a6 21. a5 b5
22. Nb6 Ra7 23. Nd5 Rc8 24. h4 Rc3 25. Qf3 Kg7 26. g3 Rb7 27. Rab1 Ra3 28. h5
Rxa5 29. Kg2 Ra2 30. Nb4 Ra3 31. hxg6 fxg6 32. Qe2 a5 33. Nd5 b4 34. Rh1 Rb8 35.
Rh2 Rh8 36. Rbh1 b3 37. Qb2 Qd6 38. g4 Qd7 39. Rh4 g5 40. Qxa3 gxh4 41. Kh3 Rf8
42. f4 Bxf4 43. Qxb3 Bg5 44. Qd1 Qf7 45. Rg1 Qf3+ 46. Qxf3 Rxf3+ 47. Kh2 Rxd3
48. Rb1 Rd2+ 49. Kh3 Rd3+ 50. Kh2 a4 51. Rb7+ Kf8 52. Ra7 a3 53. Ra8+ Kf7 54.
Ra7+ Ke6 55. Ra6+ Kd7 56. Kg2 h3+ 57. Kh2 Rb3 58. Nb6+ Kc6 59. Nd5+ Kb5 60. Ra8
Kc4 61. Rg8 Kd3 0-1

[Event "World Rapid 2018"]
[Site "St Petersburg RUS"]
[Date "2018.12.26"]
[Round "5.69"]
[White "Pantsulaia, Levan"]
[Black "Makarov, Marat"]
[Result "1-0"]
[WhiteTitle "GM"]
[BlackTitle "GM"]
[WhiteElo "2597"]
[BlackElo "2505"]
[WhiteFideId "13602071"]
[BlackFideId "4101103"]
[EventDate "2018.12.26"]

1. Nf3 Nf6 2. g3 d5 3. Bg2 g6 4. c4 dxc4 5. Na3 Bg7 6. Nxc4 c5 7. d4 Nc6 8. Be3
Be6 9. Qa4 Nd5 10. dxc5 Nxe3 11. fxe3 O-O 12. Rd1 Qc7 13. Nd4 Bxc4 14. Qxc4 Ne5
15. Qb4 Rac8 16. Rc1 Ng4 17. Bxb7 a5 18. Qb3 a4 19. Qb4 Rb8 20. c6 Nxe3 21. Nf3
Rfd8 22. Kf2 Nd5 23. Qb5 Bh6 24. Rcd1 Ne3 25. Rd3 Rxd3 26. exd3 Ng4+ 27. Ke2 Qd6
28. Qxa4 Nf6 29. Qc4 Nd5 30. Re1 e6 31. Kf2 Qc7 32. Re2 Bg7 33. Kg2 Rd8 34. d4
h6 35. b4 g5 36. a4 Nb6 37. Qb5 Rd5 38. Qa6 g4 39. Ne1 Rxd4 40. a5 Nd5 41. b5
Qd6 42. b6 Nc3 43. c7 Nxe2 44. c8=Q+ Kh7 45. Qc2+ f5 46. Qaxe2 1-0

[Event "World Rapid 2018"]
[Site "St Petersburg RUS"]
[Date "2018.12.26"]
[Round "5.70"]
[White "Iljiushenok, Ilia"]
[Black "Sokolov, Andrei2"]
[Result "1-0"]
[WhiteTitle "GM"]
[BlackTitle "IM"]
[WhiteElo "2533"]
[BlackElo "2532"]
[WhiteFideId "24105074"]
[BlackFideId "11600306"]
[EventDate "2018.12.26"]

1. e4 d6 2. d4 Nf6 3. Nc3 e5 4. Nf3 Nbd7 5. Rg1 exd4 6. Nxd4 Nc5 7. Qe2 c6 8. g4
Qb6 9. g5 Nfd7 10. Nb3 a5 11. Nd2 Qc7 12. a4 g6 13. Nc4 Ne5 14. Ne3 Bg7 15. f4
Ned7 16. Bd2 O-O 17. Bg2 f6 18. gxf6 Nxf6 19. O-O-O Be6 20. Bf3 Rae8 21. Qg2
Nfd7 22. f5 Ne5 23. Ng4 Nxg4 24. Bxg4 gxf5 25. Bh5 Re7 26. Bf4 Rd8 27. exf5 Bxf5
28. Qg5 Bg6 29. Bxg6 hxg6 30. Qxg6 Ne6 31. Bh6 d5 32. Rde1 Rd6 33. Qg4 Qd7 34.
h4 Rf7 35. Qh5 Nf8 36. Rg2 Rxh6 37. Qxh6 Qh3 38. Reg1 Ne6 39. Ne2 Qf5 40. Qg6
Qe5 41. c3 Kf8 42. Kb1 b5 43. axb5 cxb5 44. h5 Rf6 45. Qh7 Rh6 46. Qd3 b4 47.
Nd4 Nf4 48. Qf3 Rf6 49. Rxg7 bxc3 50. Rg8+ Ke7 51. R1g7+ Kd6 52. Rd8+ Kc5 53.
Qxc3+ Kb6 54. Rb8+ 1-0

[Event "World Rapid 2018"]
[Site "St Petersburg RUS"]
[Date "2018.12.26"]
[Round "5.71"]
[White "Tukhaev, Adam"]
[Black "Sanal, Vahap"]
[Result "1/2-1/2"]
[WhiteTitle "GM"]
[BlackTitle "GM"]
[WhiteElo "2527"]
[BlackElo "2490"]
[WhiteFideId "14109476"]
[BlackFideId "6300545"]
[EventDate "2018.12.26"]

1. e4 e5 2. Nf3 Nf6 3. Nxe5 d6 4. Nf3 Nxe4 5. Nc3 Nxc3 6. dxc3 Be7 7. Be3 O-O 8.
Qd2 Nd7 9. O-O-O Nf6 10. Kb1 c5 11. Bd3 b5 12. Bg5 Be6 13. Bxf6 Bxf6 14. Be4 b4
15. c4 Rb8 16. Qd3 h6 17. Rhe1 Rb6 18. Bf5 Ra6 19. Bxe6 fxe6 20. Rxe6 Qa5 21.
Qb3 Qc7 22. Rde1 Qd7 23. R6e4 Kh8 24. h3 Qc6 25. Qe3 Qa4 26. Qb3 Qc6 27. Re6 Qd7
28. R6e2 Qc6 29. Re6 Qd7 30. Qd3 Qa4 31. Qb3 Qd7 32. Kc1 Ra5 33. R6e4 Ra6 34.
Rd1 Qf5 35. Rde1 Qd7 36. Kb1 Qc6 37. Qd3 Qa4 38. Qb3 Qc6 39. Qd3 Ra5 40. Qe3 Qa4
41. Qb3 Qc6 42. Qe3 Qa4 43. Qb3 Qd7 44. Qe3 Qa4 45. Qb3 Qc6 46. Qe3 Qa4 47. Qb3
Qc6 48. Qe3 1/2-1/2